<?xml version="1.0" encoding="UTF-8"?>
<marc:record xmlns:marc="http://www.loc.gov/MARC21/slim">
   <marc:leader>00000nam a2200000 a 4500</marc:leader>
   <marc:datafield ind1="1" ind2=" " tag="100">
      <marc:subfield code="a">Teuschl, Karl</marc:subfield>
      <marc:subfield code="4">aut</marc:subfield>
      <marc:subfield code="e">Verfasser/-in</marc:subfield>
   </marc:datafield>
   <marc:datafield ind1=" " ind2=" " tag="653">
      <marc:subfield code="a">Führer</marc:subfield>
   </marc:datafield>
   <marc:datafield ind1=" " ind2=" " tag="653">
      <marc:subfield code="a">Quebec</marc:subfield>
   </marc:datafield>
   <marc:datafield ind1=" " ind2=" " tag="653">
      <marc:subfield code="a">Algonquin Prov. Park</marc:subfield>
   </marc:datafield>
   <marc:datafield ind1=" " ind2=" " tag="653">
      <marc:subfield code="a">CN Tower</marc:subfield>
   </marc:datafield>
   <marc:datafield ind1=" " ind2=" " tag="653">
      <marc:subfield code="a">Cabot Trail</marc:subfield>
   </marc:datafield>
   <marc:datafield ind1=" " ind2=" " tag="653">
      <marc:subfield code="a">Canadian Museum of Civilization</marc:subfield>
   </marc:datafield>
   <marc:datafield ind1=" " ind2=" " tag="653">
      <marc:subfield code="a">Carnaval du Quebec</marc:subfield>
   </marc:datafield>
   <marc:datafield ind1=" " ind2=" " tag="653">
      <marc:subfield code="a">Forteresse de Louisbourg</marc:subfield>
   </marc:datafield>
   <marc:datafield ind1=" " ind2=" " tag="653">
      <marc:subfield code="a">Halifax</marc:subfield>
   </marc:datafield>
   <marc:datafield ind1=" " ind2=" " tag="653">
      <marc:subfield code="a">Haute Ville &amp;amp</marc:subfield>
   </marc:datafield>
   <marc:datafield ind1=" " ind2=" " tag="653">
      <marc:subfield code="a">Basse Ville</marc:subfield>
   </marc:datafield>
   <marc:datafield ind1=" " ind2=" " tag="653">
      <marc:subfield code="a">Hockey Hall of Fame</marc:subfield>
   </marc:datafield>
   <marc:datafield ind1=" " ind2=" " tag="653">
      <marc:subfield code="a">Niagara Falls</marc:subfield>
   </marc:datafield>
   <marc:datafield ind1=" " ind2=" " tag="653">
      <marc:subfield code="a">Ottawa</marc:subfield>
   </marc:datafield>
   <marc:datafield ind1=" " ind2=" " tag="653">
      <marc:subfield code="a">Parc National des Grands-Jardins</marc:subfield>
   </marc:datafield>
   <marc:datafield ind1=" " ind2=" " tag="653">
      <marc:subfield code="a">Peggy&amp;apos</marc:subfield>
   </marc:datafield>
   <marc:datafield ind1=" " ind2=" " tag="653">
      <marc:subfield code="a">s Cove</marc:subfield>
   </marc:datafield>
   <marc:datafield ind1=" " ind2=" " tag="653">
      <marc:subfield code="a">Plateau Mont-Royal</marc:subfield>
   </marc:datafield>
   <marc:datafield ind1=" " ind2=" " tag="653">
      <marc:subfield code="a">Pointe a Calliere</marc:subfield>
   </marc:datafield>
   <marc:datafield ind1=" " ind2=" " tag="653">
      <marc:subfield code="a">Rocher Perce</marc:subfield>
   </marc:datafield>
   <marc:datafield ind1=" " ind2=" " tag="653">
      <marc:subfield code="a">CN Tower;Ottawa;Ontario;Nova Scotia;Niagara Falls;</marc:subfield>
   </marc:datafield>
   <marc:datafield ind1=" " ind2=" " tag="653">
      <marc:subfield code="a">Algonquin Prov. Park;CN Tower;Cabot Trail;Canadian</marc:subfield>
   </marc:datafield>
   <marc:datafield ind1="0" ind2="0" tag="245">
      <marc:subfield code="a">Kanada Ost</marc:subfield>
   </marc:datafield>
   <marc:datafield ind1="0" ind2="0" tag="245">
      <marc:subfield code="b">Montreal, Toronto, Québec : Reisen mit Marco Polo Insider-Tipps</marc:subfield>
   </marc:datafield>
   <marc:datafield ind1="0" ind2="0" tag="245">
      <marc:subfield code="c">Autor: Karl Teuschl</marc:subfield>
   </marc:datafield>
   <marc:datafield ind1=" " ind2="1" tag="264">
      <marc:subfield code="a">Ostfildern</marc:subfield>
      <marc:subfield code="b">MAIRDUMONT GmbH &amp; Co. KG</marc:subfield>
      <marc:subfield code="c">2020</marc:subfield>
   </marc:datafield>
   <marc:datafield ind1="1" ind2=" " tag="490">
      <marc:subfield code="a">Marco Polo</marc:subfield>
   </marc:datafield>
   <marc:datafield ind1=" " ind2=" " tag="250">
      <marc:subfield code="a">13. Auflage, komplett überarbeitet und neu gestalt</marc:subfield>
   </marc:datafield>
   <marc:datafield ind1="1" ind2=" " tag="520">
      <marc:subfield code="a">Größer, weiter, wilder: Kanada erkunden mit dem MARCO POLO Reiseführer Kanada Ost Seen und Elche, Felsen und Wälder, Stille und Einsamkeit  Kanada ist das Paradies, wenn du Erholung suchst und die Natur liebst. Dramatische Küstenlinien, ausgedehnte Seenlandschaften und idyllische Hafenstädtchen laden dich zum Wandern, Paddeln und Entdecken ein. &lt;br/&gt;Bei allen Abenteuern steht dir dein MARCO POLO Reiseführer mit hilfreichen Tipps und Infos zur Seite. Der ideale Begleiter, wenn du Kanadas Osten erkundest! &lt;br/&gt;&lt;br/&gt;  &lt;br/&gt;&lt;br/&gt; Smarter reisen mit der kostenlosen MARCO POLO Touren-App und komplett überarbeitetem Kartenmaterial zur schnellen Orientierung &lt;br/&gt;&lt;br/&gt; Alle Highlights im Überblick: Sehenswürdigkeiten, die du nicht verpassen solltest, und Insider-Tipps, die nicht jeder kennt &lt;br/&gt;&lt;br/&gt; Die besten Shopping-Spots, die schönsten Locations für sportliche Aktivitäten und kulinarische Highlights für jeden Geschmack &lt;br/&gt;&lt;br/&gt; Viele Extra-Tipps für den Urlaub mit Kindern, kleinem Reisebudget oder bei schlechtem Wetter &lt;br/&gt;&lt;br/&gt;  &lt;br/&gt;&lt;br/&gt; &lt;br/&gt;&lt;br/&gt; Unvergessliche Urlaubsmomente erleben mit den MARCO POLO Insider-Tipps&lt;br/&gt;  &lt;br/&gt;&lt;br/&gt; &lt;br/&gt;Aus europäischer Sicht sind die Ausmaße Kanadas kaum zu erfassen. Allein die Osthälfte des gewaltigen Landes ist so groß wie ganz Westeuropa vom Nordkap bis Gibraltar. Entsprechend vielfältig ist, was du hier erleben kannst: Steige in Toronto auf einen der höchsten Türme der Welt, bummle durch die Szeneläden Montreals und probiere Hummer in einem feinen Restaurant am Atlantik. Oder du genießt das wildromantische Küstenpanorama auf dem Cabot Trail und blickst hinter den Wasservorhang der donnernden Niagarafälle. Mit dem MARCO POLO Reiseführer entdeckst du Kanadas Osten ganz entspannt und stellst dir genau den Traumurlaub zusammen, den du dir wünschst!</marc:subfield>
   </marc:datafield>
   <marc:datafield ind1=" " ind2=" " tag="020">
      <marc:subfield code="a">9783829749923</marc:subfield>
      <marc:subfield code="9">9783829749923</marc:subfield>
   </marc:datafield>
   <marc:datafield ind1=" " ind2=" " tag="041">
      <marc:subfield code="a">ger</marc:subfield>
   </marc:datafield>
   <marc:datafield ind1=" " ind2=" " tag="300">
      <marc:subfield code="e">1 Faltkarte</marc:subfield>
   </marc:datafield>
   <marc:datafield ind1=" " ind2=" " tag="300">
      <marc:subfield code="b">Illustrationen, Karten</marc:subfield>
   </marc:datafield>
   <marc:datafield ind1="1" ind2=" " tag="521">
      <marc:subfield code="a">0</marc:subfield>
   </marc:datafield>
   <marc:datafield ind1=" " ind2=" " tag="300">
      <marc:subfield code="a">158 Seiten</marc:subfield>
   </marc:datafield>
</marc:record>
